logo

ESTADISTICA DE CENTROS INSTALACIONES Y ACTIVIDADES CULTURALES Y DEPORTIVAS (Record no. 74098)

MARC details
000 -CABECERA
campo de control de longitud fija 00584nam a2200181Ia 4500
001 - NÚMERO DE CONTROL
campo de control 26992
005 - FECHA Y HORA DE LA ÚLTIMA TRANSACCIÓN
campo de control 20260414093222.0
008 - CÓDIGOS DE INFORMACIÓN DE LONGITUD FIJA
campo de control de longitud fija 260115s9999 xx 000 0 und d
035 ## - NÚMERO DE CONTROL DEL SISTEMA
Número de control de sistema 17628
090 ## - LOCALMENTE ASIGNADO TIPO-LC NÚMERO DE CLASIFICACIÓN (OCLC); NÚMERO DE CLASIFICACIÓN LOCAL (RLIN)
Número de clasificación (OCLC) (R) ; Numero de clasificación CALL (RLIN) (NR) 355:311.313
100 ## - PUNTO DE ACCESO PRINCIPAL - NOMBRE DE PERSONA
Nombre de persona ESTADISTICA
245 #0 - MENCIÓN DE TÍTULO
Título ESTADISTICA DE CENTROS INSTALACIONES Y ACTIVIDADES CULTURALES Y DEPORTIVAS
260 ## - PUBLICACIÓN, DISTRIBUCIÓN, ETC. (PIE DE IMPRENTA)
Nombre del editor distribuidor etc. MINISTERIO DE DEFENSA
Fecha de publicación distribución etc. 2000
630 ## - PUNTO DE ACCESO ADICIONAL DE MATERIA--TÍTULO UNIFORME
Título uniforme DEFENSA
650 ## - PUNTO DE ACCESO ADICIONAL DE MATERIA--TÉRMINO DE MATERIA
Término de materia o nombre geográfico como elemento inicial ESTADISTICA CENTROS OFICIALES
942 ## - ELEMENTOS DE PUNTO DE ACCESO ADICIONAL (KOHA)
Tipo de ítem Koha Monografías
901 ## - ELEMENTOS DE DATOS A LOCAL LDA (RLIN)
a FH
b FH
y BK
p SEH_26992
i 23887
j 355:311.313
c MUSEO
t 1
z 29,5, 112, REMITIDO POR LA SUBDIRECCION GENERAL APOYO
x 1
Holdings
Estado de retiro Estado de pérdida Estado dañado No para préstamo Localización permanente Ubicación/localización actual Ubicación en estantería Fecha de adquisición Número de inventario Número de registro Total de préstamos Código de barras Fecha visto por última vez Número de copia Precio válido a partir de Tipo de ítem Koha Nota pública
        Servicio de Estudios Históricos Servicio de Estudios Históricos   14/04/2026 23887 23887   SEH_26992 14/04/2026 1 14/04/2026 Monografías 29,5, 112, REMITIDO POR LA SUBDIRECCION GENERAL APOYO